000 01132nam a22002657a 4500
005 20180209121853.0
008 131126b xxu||||| |||| 00| 0 eng d
010 _aPUN-7728 B-577411-414 B-669854
020 _c275.00
035 _aPN-6846 B-577411-414
035 _aB-669854
037 _bDBAD / PUB/Arsee Publishers
037 _bStar publications/ven
040 _adpl
_bpn
082 _a851
100 _aਪ੍ਰਭਜੋਤ ਕੋਰ
245 _aਰੋਜ਼ ਗੀਤ ਮੈਂ ਗਾਵਾਂ /
_cਪ੍ਰਭਜੋਤ ਕੋਰ
246 _aRoz geet mai gawan
_bby Prabhjot Kaur
260 _aDelhi
_bArsee Publishers
_c2013
270 _bDelhi
_aChandni Chowk
_k011-65966481
300 4 _a166p.
_c22ਸੇਂਮੀ (ਸਜਿਲੱਦ)
942 _2ddc
_cPN
_h851
_mਪ੍ਰਭਜੋ
999 _c80895
_d80895